حكاية الثعلب و الذئب / (رقم التسجيلة. 58855)

تفاصيل مارك
000 -LEADER
fixed length control field 00711nam a22002057a 4500
005 - DATE AND TIME OF LATEST TRANSACTION
control field 20251108171204.0
008 - FIXED-LENGTH DATA ELEMENTS--GENERAL INFORMATION
fixed length control field 250721s9999 xx 000 0 ara d
082 14 - DEWEY DECIMAL CLASSIFICATION NUMBER
Classification number ط/ق/رفع
100 1# - MAIN ENTRY--PERSONAL NAME
Personal name رفعت، محمد
245 10 - TITLE STATEMENT
Title حكاية الثعلب و الذئب /
264 ## - PRODUCTION, PUBLICATION, DISTRIBUTION, MANUFACTURE, AND COPYRIGHT NOTICE
Name of producer, publisher, distributor, manufacturer دار البحار،
Date of production, publication, distribution, manufacture, or copyright notice [19-].
300 ## - PHYSICAL DESCRIPTION
Extent 23ص
490 0# - SERIES STATEMENT
Series statement حكايات جدي ؛3
500 ## - GENERAL NOTE
General note كتاب وادي السير الذي يحمل رقم باركود PLD00079267 له رقم متسلسل هو 1383 لكنه مكرر .
650 17 - SUBJECT ADDED ENTRY--TOPICAL TERM
Topical term or geographic name as entry element أدب الأطفال
650 17 - SUBJECT ADDED ENTRY--TOPICAL TERM
Topical term or geographic name as entry element القصص العربية
653 ## - INDEX TERM--UNCONTROLLED
Uncontrolled term اطفال مرحله متوسطه (6-9) سنوات
942 ## - ADDED ENTRY ELEMENTS (KOHA)
Source of classification or shelving scheme Dewey Decimal Classification
Koha item type كتب
المقتنيات
حالة السحب حالة الفقدان مصدر التصنيف حالة التلف غير قابل للإعارة المكتبة الرئيسية المكتبة الحالية موقع الرف تاريخ التزويد Total Checkouts رقم الإستدعاء الباركود تاريخ آخر ظهور تاريخ الفاتورة نوع المادة (كوها)
    Dewey Decimal Classification     مكتبة وادي السير العامة مكتبة وادي السير العامة الأطفال 18/03/2009   ط/ق/رفع PLD00079267 28/07/2025 18/03/2009 كتب
Implemented & Customized by: BBB with SCIT (Smart Chains for Information Technology)

Powered by Koha